| 000 -ლიდერი |
| ფიქსირებული სიგრძის საკონტროლო ველი |
01053nam a2200229Ia 4500 |
| 001 - საკონტროლო ნომერი |
| საკონტროლო ველი |
5125 |
| 003 - საკონტროლო ნომრის იდენტიფიკატორი |
| საკონტროლო ველი |
GE_BSU |
| 005 - ბოლო ოპერაციის თარიღი და დრო |
| საკონტროლო ველი |
20190620191242.0 |
| 008 - ფიქსირებული სიგრძის მონაცემთა ელემენტები - ზოგადი ინფორმაცია |
| ფიქსირებული სიგრძის საკონტროლო ველი |
181216s2002||||ge |||||||||||||| ||geo|| |
| 020 ## - წიგნის საერთაშორისო სტანდარტული ნომერი |
| International Standard Book Number |
19875231 |
| 040 ## - კატალოგიზაციის წყარო |
| Transcribing agency |
GE_BSU |
| 041 ## - ენის კოდი |
| Language code of text/sound track or separate title |
geo |
| 080 ## - უნივერსალური ათობითი კლასიფიკაციის ინდექსი |
| Universal Decimal Classification number |
69(075) ტ-92 |
| 100 ## - მთავარი ჩანაწერი - პიროვნების სახელი |
| Personal name |
შენგელია, ვანო. |
| 9 (RLIN) |
1864 |
| 245 ## - ცნობა სათაურის შესახებ |
| Title |
სამშენებლო წარმოების ტექნოლოგია : |
| Remainder of title |
(საკურსო და სადიპლომო პროექტირება) / |
| Statement of responsibility, etc |
ვანო შენგელია ; რედ. ა. ტატიშვილი |
| 264 ## - წარმოების, გამოცემის, დისტრიბუციის და სხვა ცნობები |
| გამოცემის, წარმოების, დისტრიბუციის... ადგილი |
თბილისი : |
| გამოცემის, წარმოების, დისტრიბუციის... სახელწოდება |
უნ-ტის გამ-ბა, |
| გამოცემის, წარმოების, დისტრიბუციის... თარიღი |
2002. |
| 300 ## - ფიზიკური აღწერა |
| Extent |
328 გვ. : |
| Other physical details |
ნახაზები ; |
| Dimensions |
30 სმ. |
| 504 ## - BIBLIOGRAPHY, ETC. NOTE |
| Bibliography, etc |
ბიბლიოგრ. : გვ. 319. |
| 653 ## - INDEX TERM--UNCONTROLLED |
| Uncontrolled term |
სამშენებლო წარმოების ტექნოლოგია |
| 700 ## - ADDED ENTRY--PERSONAL NAME |
| Personal name |
ტატიშვილი, ა. |
| Relator term |
რედაქტორი |
| 9 (RLIN) |
711 |
| 942 ## - ADDED ENTRY ELEMENTS (KOHA) |
| Koha item type |
წიგნი |
| Source of classification or shelving scheme |
|